<?xml version='1.0' encoding='UTF-8'?>
  <record xmlns="http://www.loc.gov/MARC21/slim">
    <leader>00000ctm a22000007i 4500</leader>
    <controlfield tag="001">ocn965420345</controlfield>
    <controlfield tag="003">OCoLC</controlfield>
    <controlfield tag="005">20241211221921.1</controlfield>
    <controlfield tag="008">100429q1459    ne            000 0 lat d</controlfield>
    <datafield tag="040" ind1=" " ind2=" ">
      <subfield code="a">QGJ</subfield>
      <subfield code="b">dut</subfield>
      <subfield code="c">QGJ</subfield>
      <subfield code="d">QGJ</subfield>
      <subfield code="d">OCLCL</subfield>
      <subfield code="d">OCLCQ</subfield>
    </datafield>
    <datafield tag="035" ind1=" " ind2=" ">
      <subfield code="a">(OCoLC)965420345</subfield>
    </datafield>
    <datafield tag="100" ind1="0" ind2=" ">
      <subfield code="a">Johannes Cassianus,</subfield>
      <subfield code="d">ca. 370-ca. 435.</subfield>
    </datafield>
    <datafield tag="245" ind1="1" ind2="0">
      <subfield code="a">Collationes patrum /</subfield>
      <subfield code="c">Johannes Cassianus.</subfield>
      <subfield code="f">UBU Hs. 110 (Hs 2 C 10).</subfield>
    </datafield>
    <datafield tag="260" ind1=" " ind2=" ">
      <subfield code="a">Utrecht :</subfield>
      <subfield code="b">Regulieren,</subfield>
      <subfield code="c">1459.</subfield>
    </datafield>
    <datafield tag="300" ind1=" " ind2=" ">
      <subfield code="a">153 fol. :</subfield>
      <subfield code="b">ill. ;</subfield>
      <subfield code="c">290 x 215 (200/205 x 137/140) mm.</subfield>
    </datafield>
    <datafield tag="336" ind1=" " ind2=" ">
      <subfield code="a">text</subfield>
      <subfield code="b">txt</subfield>
      <subfield code="2">rdacontent</subfield>
    </datafield>
    <datafield tag="337" ind1=" " ind2=" ">
      <subfield code="a">unmediated</subfield>
      <subfield code="b">n</subfield>
      <subfield code="2">rdamedia</subfield>
    </datafield>
    <datafield tag="338" ind1=" " ind2=" ">
      <subfield code="a">volume</subfield>
      <subfield code="b">nc</subfield>
      <subfield code="2">rdacarrier</subfield>
    </datafield>
    <datafield tag="340" ind1=" " ind2=" ">
      <subfield code="a">perkament</subfield>
      <subfield code="k">2 kol., 41 regels, littera textualis.</subfield>
    </datafield>
    <datafield tag="500" ind1=" " ind2=" ">
      <subfield code="a">Geschreven door Theodericus Ghijsberti (fol.152: Explicit liber Collacionum sanctorum patrum. Scriptum per manus fratris theoderici ghijsberti. Anno M° cccc° lix°.</subfield>
    </datafield>
    <datafield tag="524" ind1=" " ind2=" ">
      <subfield code="a">Te citeren als: Universiteitsbibliotheek Utrecht Hs. 110 (Hs 2 C 10).</subfield>
    </datafield>
    <datafield tag="563" ind1=" " ind2=" ">
      <subfield code="a">Contemporaine band, leer over houten platten, blindgestempeld in ruitpatroon gevormd door diagonale tripellijnen in een door tripellijnen gevormd rechthoekig kader, in elke ruit een stempel, resten van tien metalen knoppen, twee klampsluitingen, gerestaureerd in 1984.</subfield>
    </datafield>
    <datafield tag="500" ind1=" " ind2=" ">
      <subfield code="a">Restauratierapport aanwezig.</subfield>
    </datafield>
    <datafield tag="500" ind1=" " ind2=" ">
      <subfield code="a">Illustrations: Gehistorieerde initiaal (56v), penwerkinitialen met penwerkversiering in Utrechtse stijl.</subfield>
    </datafield>
    <datafield tag="581" ind1=" " ind2=" ">
      <subfield code="a">[P.A. Tiele], Catalogus codicum manu scriptorum Bibliothecae Universitatis Rheno-Trajectinae. I. Trajecti ad Rhenum / Hagae Comitis 1887. p. 31.</subfield>
    </datafield>
    <datafield tag="581" ind1=" " ind2=" ">
      <subfield code="a">J.P. Gumbert, Manuscrits datés conservés dans les Pays-Bas. Vol. 2: Les manuscrits d'origine néerlandaise (XIVe-XVIe siècles) et Suppl. au tome premier. Leiden etc. 1988. p. 178 (sub nr. 618), 183 nr. 636, pl. 567a.</subfield>
    </datafield>
    <datafield tag="581" ind1=" " ind2=" ">
      <subfield code="a">G. Gerritsen-Geywitz, 'Die Chorbücher des Utrechter Marienkapitels aus kodikologischer sicht', in: Tijdschrift van de Koninklijke Vereniging voor Nederlandse Muziekgeschiedenis 53 (2003) 1-2, p. 277- 312. p. 283 nt. 26.</subfield>
    </datafield>
    <datafield tag="581" ind1=" " ind2=" ">
      <subfield code="a">Handschriften en oude drukken van de Utrechtse Universiteitsbibliotheek. Catalogus bij de tentoonstelling in het Centraal Museum te Utrecht ter gelegenheid van het 400-jarig bestaan van de bibliotheek der Rijksuniversiteit, 1584-1984. Utrecht 1984. p. 60.</subfield>
    </datafield>
    <datafield tag="581" ind1=" " ind2=" ">
      <subfield code="a">K. van der Horst, Illuminated and decorated medieval manuscripts in the University Library, Utrecht. An illustrated catalogue. Maarssen / 's-Gravenhage 1989. p. 20 nr. 66, afb. 350-352.</subfield>
    </datafield>
    <datafield tag="655" ind1=" " ind2="7">
      <subfield code="a">Handschriften (vorm)</subfield>
      <subfield code="0">(NL-LeOCL)088143309.</subfield>
      <subfield code="2">gtt</subfield>
    </datafield>
    <datafield tag="700" ind1="1" ind2=" ">
      <subfield code="a">Ghijsberti, Theodericus.</subfield>
    </datafield>
    <datafield tag="710" ind1="2" ind2=" ">
      <subfield code="a">Regulierenklooster (Utrecht)</subfield>
      <subfield code="e">former owner.</subfield>
      <subfield code="4">fmo</subfield>
      <subfield code="5">NL-UtRU</subfield>
    </datafield>
    <datafield tag="758" ind1=" " ind2=" ">
      <subfield code="a">UBU Hs. 110 (Hs 2 C 10) Collationes patrum (Text)</subfield>
      <subfield code="1">https://id.oclc.org/worldcat/entity/E39PCXGqcyt8tYbMRFgw9Tvg83</subfield>
      <subfield code="4">https://id.oclc.org/worldcat/ontology/hasWork</subfield>
    </datafield>
    <datafield tag="856" ind1="4" ind2="1">
      <subfield code="u">http://objects.library.uu.nl/reader/resolver.php?obj=002312788&amp;type=2</subfield>
      <subfield code="x">Online</subfield>
      <subfield code="z">Full Text</subfield>
    </datafield>
    <datafield tag="936" ind1=" " ind2=" ">
      <subfield code="a">BATCHLOAD</subfield>
    </datafield>
  </record>